000 01136nam a2200337Ia 4500
001 dia_5155
003 CHAP
005 20251023172937.0
008 220117s2004 xx 000 0 und d
010 _a176015
020 _a978-0-7637-0067-6 \ 0-7637-0067-3
040 _cCHAP
082 _a576 P66 2004
100 _aPommerville, Jeffrey C.
_990757
245 _aAlcamo's fundamentals of microbiology /
_c Jeffrey C. Pommerville
250 _a7a ed.
260 _aEstados Unidos de América :
_b Jones and Bartlett Publishers,
_c2004
300 _a1v. (pag. variada)
500 _aAnteriormente publicada como: Fundamentals of microbiology / Edward I. Alcamo. 6th ed. Sudbury, Mass. : Jones and Bartlett, 2001
503 _aI. 233726
504 _aIncluye bibliografías
590 _aQR41.2 P66 2004
650 _aMedical microbiology
_9150574
650 _aMicrobiología
_975490
650 _aMicrobiología médica
_9150575
650 _aMicrobiology
_9150545
901 _a576 P66 2004
902 _aA
905 _a5232272004 -usaimn8222223322eng16
942 _cLIBRO
_2ddc
999 _c176015
_d176015